Quizzes
Events
Quiz Creation
Community
Videos
Private Events
Remove Ads
Sign In
Join for FREE
Feedback
Dark Mode
Quiz Categories
Sports
Geography
Music
Movies
Television
Just For Fun
Miscellaneous
History
Literature
Language
Science
Gaming
Entertainment
Religion
Holiday
For Kids
Quiz Lab
Recent
Popular Today
Quiz Kudos Today
Editor Picks
Curator Picks
Quizzes by...
Day
Popularity
Type
Ratings
Length
Year
Community
Subscriptions
Recent Discussions
Orange Saloon
Badges
Playlists
Quests
Create
Leaderboards
Showdown
Live 5
Trivia Bingo
Activity
Puzzle Library
Sporcle Events
Private Events
Virtual Trivia
Globe League
Become a Host
Pub Owners
SporcleCon
Opinionation
Our Games
Videos
Blog
Mobile Apps
Partnerships
Remove Ads and Go Orange
Feedback
Geography
Country
Landmarks
City
State
Population
World
Capital
Continent
Flags
Europe
Africa
Asia
South America
North America
Oceania
Border
Canada
United Kingdom
Topography
United States
Geography
Country
Landmarks
City
State
Population
World
Capital
Continent
Flags
Europe
Africa
Asia
South America
North America
Oceania
Border
Canada
United Kingdom
Topography
United States
Random Quiz
Search Sporcle
×
Quiz Lab
Quiz Lab
Geography
Continent
Type in answers that appear in a list
Type in answers that appear in a list
Classic
Best Score? Go Orange.
Top 5 Cities in the 6 Inhabited Continents Stats
Can you name the Top 5 Cities in the 6 Inhabited Continents?
By
Jandringa21
8m
30 Questions
385 Plays
385 Plays
385 Plays
Comments
Comments
Give Quiz Kudos
Give Quiz Kudos
-
- Ratings
hide this ad
Replay
Link that replays current quiz
Next Quiz
Link to next quiz in quiz playlist
You Got
0%
They Got
Avg Score
90%
Avg Friend Score
Upgrade to see
Score Distribution
Jump to the score distribution portion of the page
Score
0/30
Timer
08:00
1
Play Today
Country
City
% Correct
Mexico
Mexico City
100%
USA
New York
99.7%
Canada
Toronto
99.5%
United Kingdom
London
99.2%
USA
Los Angeles
99%
Russia
Moscow
99%
Spain
Madrid
98.7%
Germany
Berlin
98.4%
USA
Chicago
98.2%
Egypt
Cairo
98.2%
Australia
Sydney
98.2%
Argentina
Buenos Aires
97.7%
Russia
St. Petersburg
97.1%
Brazil
Sao Paulo
96.9%
Peru
Lima
96.6%
Country
City
% Correct
South Korea
Seoul
96.4%
Brazil
Rio de Janeiro
96.1%
Indonesia
Jakarta
93.5%
Australia
Melbourne
93.5%
Colombia
Bogota
92.7%
India
Mumbai
92.7%
Philippines
Manila
90.9%
Nigeria
Lagos
89.1%
Egypt
Alexandria
86.5%
Australia
Perth
85.2%
Morocco
Casablanca
84.9%
Pakistan
Karachi
80.3%
Democratic Republic of the Congo
Kinshasa
75.1%
Australia
Brisbane
72.5%
Indonesia
Makassar
6.8%
Quiz Playlist
Details
Report
Send in Message
Add To Playlist
Classic:
Type in answers that appear in a list
Last Updated: Feb 16, 2017
Quiz Scoreboard
CHALLENGE
Sign Up to Join the Scoreboard
Show All
Scores
Hide
Comments
May contain spoilers
Recently Published
9x9 Crossword: Cartoon Network
by jackfrog10
Miscellaneous
3m
College Basketball Coaching Resumes
by pancakes188
Sports
9m
Billboard Blitz: Fleetwood Mac
by CooCooCachoo
Music
15s
More to Explore
Quiz From the Vault
Featured Blog Post
Where Did the Easter Bunny Come From?
hide this ad
You Might Also Like...
Tags
City Quiz
Continent Quiz
Country Quiz
Inhabited
Top 5
Today's Top Quizzes in Geography
Browse Geography
hide this ad
Today's Top Quizzes in Continent
Browse Continent
Top Contributed Quizzes in Geography
1
Countries of the World - No Outlines Minefield
2
Top 25 Cities of France on a map
3
Any capital of a 'B' country per Continent
4
Any capital of a 'C' country per Continent
5
Closest Countries to UK A-Z
6
Any capital of a 'D' country per Continent
7
5-to-1: US Geography No Hints
8
Any capital of an 'E' country per Continent
9
Find the US States - No Outlines
10
Any capital of an 'F' country per Continent
Explore More
Trending Topics
NBA
Anime
Marvel
Disney
Harry Potter
Kpop
Crossword
Country
The Office
WWE
Song
Soccer
NFL
Puzzle
Pokémon
hide this ad
More By:
Jandringa21
Quiz
Plays
Rating
Category
Featured
Created
Top 20 Largest Countries by Area in the World
504
2.86
Geography
Mar 10, 2012
Top 5 Cities in the 6 Inhabited Continents
385
1.53
Geography
Mar 8, 2012
1980 Miracle Team Trivia
302
3.00
Sports
May 1, 2012
Top 20 Countries with the Smallest Population
298
2.57
Geography
Mar 7, 2012
NCAA Teams by Location Football
230
3.00
Sports
Mar 5, 2012
Go to Creator's Profile
Score Distribution
Quiz Creator Spotlight
Jandringa21
Follow
Send a Message
Quizzes Created
-
Created Quiz Play Count
-
More By This Creator
Popular Quizzes Today
1
Find the US States - No Outlines Minefield
2
Find the Countries of Europe - No Outlines Minefield
3
The Countries of the World
4
Find the US States
5
Risky Map Clicking: Biggest States A-Z
6
US States
7
Popular People in 1961
8
Movies - When Are They Set?
More Geography Quizzes
Map Criteria XIV
Published
Trending Quizzes
Risky Map Clicking: Least Populous States A-Z
1-10 Letter G Words
Risky Map Clicking: Next State Alphabetically
Adjectives in 80s TV Shows
Risky Map Clicking: Biggest States A-Z
Recently Updated
Leaping Animals
pecheneg
Reality TV Shows (A-Z)
bhenderson79
Rickey Henderson's Hall of Fame Teammates
pecheneg
Champions League XIs: Arsenal
pecheneg
Quick Pick: Celebrities in WWE's Hall of Fame
aduchscher
A-Z Keypad Blitz II
pecheneg
Multiple Oscar Actors
pecheneg
Mystery Phrase Blitz: Oscar 'Best Actors'
pecheneg
F. Scott Fitzgerald Novels
LTH
Pick 3 Villains
ddd62291
Trending Topics
Harry Potter
NBA
Marvel
Kpop
Disney
Anime
Crossword
The Office
Soccer
Country
Pokémon
Song
Puzzle
WWE
NFL
Your Account Isn't Verified!
In order to create a playlist on Sporcle, you need to verify the email address you used during registration. Go to your
Sporcle Settings
to finish the process.
Report this User
Report this user for behavior that violates our
Community Guidelines
.
Details:
Send Report
Go to the Sporcle.com Mobile Site →
Comments